Guess the K-pop idol - cute edition - Statistics

General Stats
  • This quiz has been taken 58 times
  • The average score is 10 of 16
Answer Stats
Picture Answer % Correct
wonyoung
90%
nayeon
88%
winter
88%
Haerin
84%
wonhee
82%
eunchae
73%
rei
73%
han
71%
sullyoon
65%
tsuki
59%
yena
53%
sohee
51%
sakuya
35%
kotoko
33%
seongmin
12%
nana
8%
No matching quizzes found
Score Distribution
Percent of People with Each Score
Percentile by Number Answered
Your Score History
You have not taken this quiz